| 000 | 00378nam a22001457a 4500 | ||
|---|---|---|---|
| 999 |
_c60592 _d60592 |
||
| 005 | 20230914104908.0 | ||
| 008 | 230914s1984 xo ||||| |||| 00| 0 slv d | ||
| 041 | _aslv | ||
| 080 | _a069 P-60 | ||
| 100 |
_aPichlerová, Magda _919674 |
||
| 245 |
_aAntická Gerulata / _cMagda Pichlerová. |
||
| 264 |
_aBratislava, _c1984. |
||
| 300 |
_a35 p.: _bill.; _c21 cm. |
||
| 942 |
_2udc _cBK |
||